[Event "Ch Montenegro"]
[Site "masterchessopen.com – Cetinje (Montenegro)"]
[Date "2010.07.03"]
[Round "2"]
[White "Blagojevic Dragisa (MNE)"]
[Black "Mijovic Stefan (MNE)"]
[Result "1-0"]
[WhiteElo "2481"]
[BlackElo "2378"]

1.d4 d5 2.c4 e6 3.Nf3 Nf6 4.g3 Be7 5.Bg2 O-O 6.O-O Nbd7 7.Qc2 c6 8.b3 b6 9.Rd1
Ba6 10.Nbd2 Rc8 11.e4 c5 12.exd5 exd5 13.Nf1 b5 14.cxd5 Nxd5 15.dxc5 Rxc5
16.Qd3 Bf6 17.Bg5 Qc8 18.Rac1 Nc3 19.Rxc3 Rxc3 20.Qxd7 Rxf3 21.Bxf3 Bxg5
22.Qxa7 b4 23.h4 Bf6 24.Ne3 Kh8 25.Rd7 Bb5 26.Rxf7 Re8 27.Qb6 Qa6 28.Qc5 {#r}
1-0

[Event "Tournament \"]
[Site "masterchessopen.com – Moscow (Russia)"]
[Date "2010.07.04"]
[Round "1"]
[White "Ulko Jaroslav (RUS)"]
[Black "Kharmunova Nadejda (RUS)"]
[Result "1-0"]
[WhiteElo "2451"]
[BlackElo "2121"]

1.d4 d5 2.c4 e6 3.Nf3 Be7 4.g3 Nf6 5.Bg2 Nbd7 6.O-O O-O 7.Qc2 c5 8.dxc5 Nxc5
9.cxd5 exd5 10.Nc3 d4 11.Rd1 d3 12.exd3 Bf5 13.Be3 Rc8 14.Qe2 Bxd3 15.Qe1 Ng4
16.Bh3 f5 17.Bxg4 fxg4 18.Ne5 Re8 19.Nxd3 Nxd3 20.Qe2 Ne5 21.Rxd8 Rcxd8 22.Rd1
Nf3+ 23.Kg2 Rxd1 24.Qxd1 b6 25.Qd7 Kf8 26.Qxg4 {#r} 1-0

[Event "It (open)"]
[Site "masterchessopen.com – Havirov (Czech Republic)"]
[Date "2010.08.23"]
[Round "3"]
[White "Zabystrzan Pavel (CZE)"]
[Black "Sekac Martin (CZE)"]
[Result "1-0"]
[WhiteElo "2306"]
[BlackElo "2101"]

1.g3 d5 2.Nf3 Nf6 3.Bg2 e6 4.c4 Be7 5.d4 O-O 6.O-O Nbd7 7.Qc2 Rb8 8.cxd5 exd5
9.Nc3 c6 10.Bf4 Ra8 11.h3 Re8 12.Nb5 Bf8 13.Nc7 {#r} 1-0

[Event "Ch Romania (team) (w)"]
[Site "masterchessopen.com – Baile Herculane (Romania)"]
[Date "2010.09.11"]
[Round "8"]
[White "Bulmaga Irina (MDA)"]
[Black "Berintan Teodora (ROM)"]
[Result "1-0"]
[WhiteElo "2267"]
[BlackElo "1842"]

1.d4 d5 2.Nf3 Nf6 3.c4 e6 4.g3 Be7 5.Bg2 O-O 6.O-O Nbd7 7.Qc2 c5 8.cxd5 Nxd5
9.a3 cxd4 10.Nxd4 N7b6 11.Rd1 Bd7 12.e4 Nf6 13.Nc3 Rc8 14.Qe2 a6 15.e5 Nfd5
16.Nxd5 Nxd5 17.Bxd5 exd5 18.e6 Bc6 19.Nf5 fxe6 20.Qxe6+ Rf7 21.Nxe7+ {#r} 1-0

[Event "Tournament (open)"]
[Site "masterchessopen.com – Ribeirao Preto (Brazil)"]
[Date "2010.12.05"]
[Round "6"]
[White "Brandao Renan Alves (BRA)"]
[Black "Dias Simao Poscidonio (BRA)"]
[Result "1-0"]
[WhiteElo "2043"]
[BlackElo "2086"]

1.d4 Nf6 2.c4 e6 3.g3 d5 4.Nf3 Nbd7 5.Bg2 Be7 6.O-O O-O 7.Qc2 Re8 8.Rd1 Ne4
9.Nbd2 f5 10.b3 Ndf6 11.Ne5 Bd7 12.Nf1 Rf8 13.c5 c6 14.f3 Ng5 15.Bxg5 Be8
16.Bxf6 Bxf6 17.f4 Rc8 18.b4 a6 19.Nd2 Rc7 20.Ndf3 Qe7 21.Nd3 Kh8 22.Nfe5 g5
23.e3 Qg7 24.Kf2 Rg8 25.Bf3 {#r} 1-0

[Event "Ch Paranaense"]
[Site "masterchessopen.com – Campo Mourao (Brazil)"]
[Date "2011.01.25"]
[Round "1"]
[White "Choma Juliana Luiza (BRA)"]
[Black "Egoroff Jomar (BRA)"]
[Result "0-1"]
[WhiteElo "1879"]
[BlackElo "2311"]

1.Nf3 d5 2.c4 e6 3.g3 Nf6 4.Bg2 Be7 5.O-O O-O 6.d4 Nbd7 7.Qc2 c5 8.Nc3 b6
9.cxd5 exd5 10.dxc5 bxc5 11.Rd1 Bb7 12.Bf4 d4 13.Nb5 Qb6 14.Na3 Be4 15.Qc1 Qb7
16.Nc4 Rfe8 17.Bd6 Qc6 18.Bxe7 Rxe7 19.Ncd2 Bd5 20.Nc4 Rxe2 21.Rd2 Bxf3 {#R}
0-1

[Event "Ch UrFO (open)"]
[Site "masterchessopen.com – Cheliabinsk (Russia)"]
[Date "2011.03.24"]
[Round "7"]
[White "Kurzykov Andrey (RUS)"]
[Black "Novoselov Roman (RUS)"]
[Result "0-1"]
[WhiteElo "2172"]
[BlackElo "2149"]

1.d4 d5 2.Nf3 Nf6 3.c4 e6 4.g3 Nbd7 5.Bg2 Be7 6.O-O O-O 7.Qc2 Ne4 8.Nfd2 f5
9.f3 Nxd2 10.Bxd2 Bf6 11.Bc3 dxc4 12.Na3 Nb6 13.Rad1 Qe7 14.f4 c5 15.e3 Bd7
16.Qe2 Nd5 17.dxc5 Bxc3 18.Bxd5 exd5 19.bxc3 Qxc5 20.Nc2 Ba4 21.Rd4 Rfe8
22.Ne1 Re4 23.Nf3 b5 24.Ne5 b4 25.Qh5 Rf8 26.cxb4 Qxb4 27.Rxd5 Rxe3 28.Nf3 g6
29.Qh4 Qb6 30.Nd4 Re4 {#R} 0-1

[Event "Ch Germany (juniors) (Internet) (under 18) (qual3)"]
[Site "masterchessopen.com – Internet"]
[Date "2011.05.08"]
[Round "6"]
[White "Hahn Markus (GER)"]
[Black "Gruenewald Florian"]
[Result "1-0"]
[WhiteElo "2167"]
[BlackElo "1800"]

1.d4 Nf6 2.Nf3 d5 3.c4 e6 4.g3 Nbd7 5.Bg2 Be7 6.O-O O-O 7.Qc2 dxc4 8.Nbd2 c5
9.dxc5 Nxc5 10.Nxc4 Bd7 11.Rd1 Rc8 12.Be3 Qc7 13.Rac1 Nd5 14.Qd2 Qb8 15.Nce5
Bb5 16.b3 Ne4 17.Qb2 Rxc1 18.Bxc1 Ndc3 19.Re1 Bf6 20.Bf4 Qd8 21.a4 Ba6 22.h4
Qb6 23.Be3 Qd6 24.Bf4 Qb4 25.Nd2 Nxe2+ 26.Rxe2 Bxe2 27.Nxe4 Qe1+ 28.Kh2 Ba6
29.Nxf6+ gxf6 30.Ng4 e5 31.Nxf6+ Kh8 32.Bxe5 Bf1 33.Ng4+ Kg8 34.Nh6# 1-0

[Event "Memorial Sukharev (open)"]
[Site "masterchessopen.com – Novosibirsk (Russia)"]
[Date "2011.07.24"]
[Round "7"]
[White "Dolgusheva Izabella (RUS)"]
[Black "Loginova Lubov (RUS)"]
[Result "1-0"]
[WhiteElo "2104"]
[BlackElo "1860"]

1.d4 Nf6 2.c4 e6 3.Nf3 d5 4.g3 Be7 5.Bg2 O-O 6.O-O Nbd7 7.Qc2 c6 8.Rd1 b6 9.b3
Bb7 10.Nc3 Rc8 11.e4 c5 12.exd5 exd5 13.Qf5 dxc4 14.bxc4 cxd4 15.Rxd4 Qc7
16.Nb5 Qc5 17.Qd3 a6 18.Ba3 Ne5 19.Bxc5 Nxd3 20.Bxe7 Bxf3 21.Nd6 Bxg2 22.Kxg2
Ne5 23.Bxf8 Rxf8 24.Rb1 Ned7 25.Nf5 Re8 26.Ne3 Re5 27.Rd6 b5 28.Rxa6 bxc4
29.Nxc4 {#r} 1-0

[Event "Memorial V.Dvorkovich (open)"]
[Site "masterchessopen.com – Taganrog (Russia)"]
[Date "2011.08.02"]
[Round "2"]
[White "Elizarov Dmitry (RUS)"]
[Black "Travkina Anasrasia (RUS)"]
[Result "0-1"]
[WhiteElo "2357"]
[BlackElo "2176"]

1.d4 Nf6 2.c4 e6 3.Nf3 d5 4.g3 Be7 5.Bg2 O-O 6.Qc2 Nbd7 7.O-O c6 8.Rd1 Ne4
9.Ne1 f5 10.f3 Nd6 11.Nd2 Bg5 12.c5 Nf7 13.Nb3 Bxc1 14.Raxc1 Nf6 15.e4 fxe4
16.fxe4 dxe4 17.Bxe4 Nxe4 18.Qxe4 Ng5 19.Qg2 e5 20.g4 e4 21.Rc3 Be6 22.Rd2 Rf4
23.h4 Nf3+ 24.Nxf3 Rxg4 25.Qxg4 Bxg4 26.Ng5 Bf3 27.Rf2 h6 28.Nxf3 exf3
29.Rcxf3 Qxh4 30.Na5 Re8 31.Nxb7 Re1+ 32.Kg2 Qh1+ 33.Kg3 Qg1+ 34.Kh4 g5+ {#R}
0-1

[Event "Memorial V.Dvorkovich (open)"]
[Site "masterchessopen.com – Taganrog (Russia)"]
[Date "2011.08.06"]
[Round "6"]
[White "Zakharov Alexander (RUS)"]
[Black "Petrov Artur (RUS)"]
[Result "0-1"]
[WhiteElo "2393"]
[BlackElo "2383"]

1.d4 Nf6 2.g3 d5 3.Bg2 e6 4.Nf3 Nbd7 5.O-O Be7 6.c4 O-O 7.Qc2 c6 8.Rd1 b6
9.Nbd2 Bb7 10.a3 Rc8 11.b4 c5 12.dxc5 bxc5 13.b5 d4 14.a4 Qc7 15.a5 e5 16.a6
Ba8 17.Ne1 Bxg2 18.Nxg2 Nb6 19.Nb3 Ne8 20.Na5 Nd6 21.e3 e4 22.Bb2 d3 23.Qb3 f5
24.Nf4 Bf6 25.Rac1 Bxb2 26.Qxb2 Qf7 27.Qa2 Nxb5 {#R} 0-1

[Event "Tournament (zonal)"]
[Site "masterchessopen.com – Brasilia (Brazil)"]
[Date "2011.10.12"]
[Round "6"]
[White "Cavalcante Rodrigo Moreira"]
[Black "Pimenta Jeronimo Marques (BRA)"]
[Result "1-0"]
[WhiteElo "1944"]
[BlackElo "2096"]

1.d4 Nf6 2.c4 e6 3.Nf3 d5 4.g3 Be7 5.Bg2 O-O 6.O-O Nbd7 7.Qc2 c5 8.Rd1 b6
9.cxd5 exd5 10.Nc3 Bb7 11.Bf4 a6 12.Rac1 Rc8 13.Bh3 b5 14.Qb1 Qb6 15.Ne5 cxd4
16.Bxd7 Nxd7 17.Nxd7 Qd8 18.Nxf8 Bxf8 19.Rxd4 Bc5 20.Rd2 d4 21.e3 Qb6 22.Ne4
dxe3 23.Bxe3 Bxe3 24.Rxc8+ Bxc8 25.Rd6 Bxf2+ 26.Kg2 Qc7 27.Qc2 {#r} 1-0

[Event "Ch Paulista"]
[Site "masterchessopen.com – Santos (Brazil)"]
[Date "2011.12.02"]
[Round "2"]
[White "Alves Sidney David (BRA)"]
[Black "Aoyama Edmundo (BRA)"]
[Result "0-1"]
[WhiteElo "1524"]
[BlackElo "1920"]

1.d4 d5 2.Nf3 Nf6 3.c4 e6 4.g3 Be7 5.Bg2 O-O 6.Qc2 Nbd7 7.O-O Ne4 8.Nbd2 f5
9.Nxe4 fxe4 10.Ne1 Bf6 11.e3 b6 12.f3 Ba6 13.b3 c5 14.Bb2 Rc8 15.fxe4 dxc4
16.bxc4 cxd4 17.Qd2 dxe3 18.Qb4 Rxc4 19.Qa3 Bxb2 20.Qxa6 Rxf1+ 21.Bxf1 Rxe4
22.Rb1 Qf6 23.Qc8+ Nf8 24.Qc2 Bd4 25.Kh1 {#R} 0-1

[Event "It (open)"]
[Site "masterchessopen.com – Nova Gorica (Slovenia)"]
[Date "2012.01.27"]
[Round "1"]
[White "Solomon Kenny (RSA)"]
[Black "Djuricic Domen (SLO)"]
[Result "1-0"]
[WhiteElo "2461"]
[BlackElo "1884"]

1.Nf3 d5 2.d4 Nf6 3.c4 e6 4.g3 Nbd7 5.Bg2 Be7 6.O-O O-O 7.Qc2 b6 8.cxd5 exd5
9.Ne5 c5 10.Nc6 Qe8 11.Nc3 Bb7 12.Nxd5 Nxd5 13.Bxd5 Bf6 14.Ne7+ Qxe7 15.Bxb7
Rab8 16.Be4 cxd4 17.Bxh7+ Kh8 18.Qf5 g5 19.h4 Rbc8 20.hxg5 Rc5 21.Qh3 Bxg5
22.Bf5+ Kg7 23.Bxg5 Qxg5 24.Qh7+ Kf6 25.Bxd7 Re5 26.Rfd1 Rxe2 27.Qd3 Qe5
28.Qf3+ Ke7 29.Bg4 f5 30.Qxe2 {#r} 1-0

[Event "Cup Belgrade (team)"]
[Site "masterchessopen.com – Belgrade (Serbia)"]
[Date "2012.04.21"]
[Round "4"]
[White "Lukovic Vladimir (SRB)"]
[Black "Savic Nemanja (SRB)"]
[Result "1-0"]
[WhiteElo "2325"]
[BlackElo "2032"]

1.d4 Nf6 2.Nf3 e6 3.g3 d5 4.Bg2 Be7 5.O-O O-O 6.c4 Nbd7 7.Qc2 c6 8.Nc3 dxc4
9.a4 Nd5 10.e4 Nxc3 11.bxc3 b5 12.Be3 a5 13.Rfd1 Nb6 14.Ne5 Bb7 15.d5 cxd5
16.Bxb6 Qxb6 17.Nd7 Qc7 18.Nxf8 d4 19.Rxd4 Kxf8 20.axb5 Bc5 21.Rd2 Qb6 22.Qa4
{#r} 1-0

[Event "Ch Netherlands (juniors) (a)"]
[Site "masterchessopen.com – Haarlem (Netherlands)"]
[Date "2012.05.02"]
[Round "5"]
[White "Manoch Maurice (NED)"]
[Black "Ratsma Midas (NED)"]
[Result "0-1"]
[WhiteElo "1969"]
[BlackElo "1930"]

1.Nf3 e6 2.c4 Nf6 3.g3 d5 4.Bg2 Be7 5.O-O O-O 6.d4 Nbd7 7.Qc2 c5 8.dxc5 Nxc5
9.Be3 b6 10.Nc3 Bb7 11.Rad1 Rc8 12.Qb1 Qe8 13.Nd2 Rd8 14.b4 d4 15.bxc5 Bxg2
16.Kxg2 dxe3 17.Nde4 bxc5 18.f3 Rd4 19.Rxd4 cxd4 20.Nb5 Qc6 21.Nxf6+ Bxf6
22.Qd3 Qc5 23.Rb1 Rb8 24.Rb3 g6 25.Qc2 a6 26.Nc3 Rxb3 27.Ne4 Rc3 28.Qa4 Qe7
{#R} 0-1

[Event "It (open)"]
[Site "masterchessopen.com – Teplice (Czech Republic)"]
[Date "2012.06.16"]
[Round "1"]
[White "Carstensen Jacob (DEN)"]
[Black "Hajek Jiri (CZE)"]
[Result "1-0"]
[WhiteElo "2305"]
[BlackElo "1875"]

1.d4 Nf6 2.c4 e6 3.Nf3 d5 4.g3 Nbd7 5.Bg2 Be7 6.O-O O-O 7.Qc2 c5 8.cxd5 exd5
9.Nc3 Re8 10.Rd1 c4 11.Ne5 Nf8 12.b3 Ne6 13.Be3 cxb3 14.Qxb3 Nc7 15.Bg5 Ng4
16.Bxe7 Qxe7 17.Nxg4 Bxg4 18.Qxb7 Reb8 19.Nxd5 Nxd5 20.Qxd5 Qxe2 21.Re1 {#r}
1-0

[Event "Ch Greece (team)"]
[Site "masterchessopen.com – Achaea (Greece)"]
[Date "2012.07.04"]
[Round "6"]
[White "Lirindzakis Timotheos (GRE)"]
[Black "Hoolt Sarah (GER)"]
[Result "1-0"]
[WhiteElo "2321"]
[BlackElo "2272"]

1.Nf3 Nf6 2.c4 e6 3.g3 Be7 4.Bg2 O-O 5.O-O d5 6.d4 Nbd7 7.Qc2 c5 8.cxd5 Nxd5
9.Nc3 c4 10.e4 Nb4 11.Qe2 Nd3 12.Be3 b5 13.d5 Bf6 14.dxe6 fxe6 15.e5 N7xe5
16.Nxe5 Bxe5 17.Bxa8 b4 18.Nd1 Ba6 19.Bg2 Qa5 20.Qg4 c3 21.bxc3 bxc3 22.Bd4 c2
23.Qxe6+ Kh8 24.Bxe5 c1=Q 25.Rxc1 Nxc1 26.Nc3 Bxf1 27.Qe7 Rg8 28.Bxf1 Nxa2
29.Bc4 Nxc3 {#r} 1-0

[Event "It (open)"]
[Site "masterchessopen.com – Bad Godesberg (Germany)"]
[Date "2012.07.07"]
[Round "1"]
[White "Evers Leo (GER)"]
[Black "Weber Konstantin"]
[Result "1-0"]
[WhiteElo "2117"]
[BlackElo "1768"]

1.d4 Nf6 2.c4 e6 3.g3 d5 4.Bg2 Be7 5.Nf3 O-O 6.O-O Nbd7 7.Qc2 b6 8.cxd5 Nxd5
9.a3 Bb7 10.e4 N5f6 11.Nc3 c5 12.Rd1 Qc8 13.d5 exd5 14.exd5 Rd8 15.Bf4 Nh5
16.Be3 Ndf6 17.Ne5 Bd6 18.Nc6 Re8 19.Nb5 Bb8 20.Nxb8 Qxb8 21.b4 a6 22.Nc3 Ng4
23.bxc5 Nxe3 24.fxe3 bxc5 25.e4 Qd6 26.Rab1 Bc8 27.Bf3 Nf6 28.Na4 c4 29.Nb6
Ra7 30.Nxc4 Qc5+ 31.Qf2 Nxe4 32.Bxe4 Qxc4 33.Qxa7 Rxe4 34.Rbc1 {#r} 1-0

[Event "It (open) (b)"]
[Site "masterchessopen.com – Dortmund (Germany)"]
[Date "2012.07.14"]
[Round "1"]
[White "Haberkamp Carl"]
[Black "Porstmann Jan"]
[Result "1-0"]
[WhiteElo "1527"]
[BlackElo "1894"]

1.d4 d5 2.c4 e6 3.Nf3 Be7 4.g3 Nf6 5.Bg2 O-O 6.O-O Nbd7 7.Qc2 c5 8.cxd5 Nxd5
9.Nc3 b6 10.Nxd5 exd5 11.dxc5 bxc5 12.Rd1 Bb7 13.Ne1 Nb6 14.Nd3 Rc8 15.Nf4 Re8
16.e3 Bg5 17.Ne2 Bf6 18.a4 a6 19.Qb3 Rb8 20.Nf4 Nc4 21.Qc2 Re5 22.b3 Nb6
23.Bb2 Rf5 24.Qxf5 Bxb2 25.Rab1 Bf6 26.Nxd5 Nxd5 27.Bxd5 g6 28.Bxf7+ Kxf7
29.Rxd8 Rxd8 30.Qxc5 Bb2 31.Qc7+ Ke8 32.Qxb7 {#r} 1-0

[Event "Ch Montenegro (team) (1 liga)"]
[Site "masterchessopen.com – Cetinje (Montenegro)"]
[Date "2012.08.09"]
[Round "7"]
[White "Vih Antun (MNE)"]
[Black "Mijovic Stefan (MNE)"]
[Result "0-1"]
[WhiteElo "2182"]
[BlackElo "2380"]

1.d4 d5 2.Nf3 Nf6 3.c4 e6 4.g3 Be7 5.Bg2 O-O 6.O-O Nbd7 7.Qc2 c6 8.Rd1 b6
9.Nc3 Ba6 10.Ne5 Qc8 11.Bf4 Bxc4 12.Nxc4 dxc4 13.e4 b5 14.a4 a6 15.d5 e5
16.dxc6 Qxc6 17.Nd5 Bd6 18.Bg5 Nxd5 19.exd5 Qb6 20.Be4 g6 21.g4 Nc5 22.Be3 Qc7
23.Bxc5 Qxc5 24.h4 Qc8 25.Qe2 f5 26.gxf5 gxf5 27.Bc2 Kh8 28.Qh5 e4 29.Qh6 Rg8+
30.Kf1 Rg6 31.Qh5 c3 32.b3 Qc5 {#R} 0-1

[Event "Ch Europe (juniors) (under 12)"]
[Site "masterchessopen.com – Prague (Czech Republic)"]
[Date "2012.08.21"]
[Round "5"]
[White "Radovanovic Mihajlo"]
[Black "Machlik Endre"]
[Result "1-0"]
[WhiteElo "1806"]
[BlackElo "1559"]

1.d4 d5 2.c4 e6 3.Nf3 Nf6 4.g3 Be7 5.Bg2 O-O 6.O-O Nbd7 7.Qc2 c5 8.cxd5 Nxd5
9.Nc3 Nxc3 10.bxc3 Qa5 11.Bf4 Nb6 12.Rfb1 Nd5 13.Bd2 c4 14.a4 Bd6 15.e4 Nc7
16.e5 Be7 17.Bg5 Bxg5 18.Nxg5 f5 19.Bxb7 Bxb7 20.Rxb7 h6 21.Rxc7 Qxc7 22.Nxe6
Qf7 23.Nxf8 Kxf8 24.Rb1 Qd7 25.Rb4 Rc8 26.d5 g6 27.Qd2 h5 28.Qh6+ Qg7 29.Qxg7+
Kxg7 30.Rb7+ {#r} 1-0